Rural tourism and enterprise: (Record no. 1678307)

MARC details
000 -LEADER
fixed length control field 00794 a2200253 4500
005 - DATE AND TIME OF LATEST TRANSACTION
control field 20260309144147.0
008 - FIXED-LENGTH DATA ELEMENTS--GENERAL INFORMATION
fixed length control field 260309b |||||||| |||| 00| 0 eng d
020 ## - INTERNATIONAL STANDARD BOOK NUMBER
International Standard Book Number 978-1-78064-750-0
037 ## - SOURCE OF ACQUISITION
Terms of availability TB
040 ## - CATALOGING SOURCE
Original cataloging agency CRL
Transcribing agency CRL
041 ## - LANGUAGE CODE
Source of code eng
Language code of text/sound track or separate title eng
084 ## - COLON CLASSIFICATION NUMBER
Classification number Y31:(U8) Q7
Assigning agency CRL
245 ## - TITLE STATEMENT
Title Rural tourism and enterprise:
Remainder of title management, Marketing and sustainability
260 ## - PUBLICATION, DISTRIBUTION, ETC.
Place of publication, distribution, etc. Oxford, UK:
Name of publisher, distributor, etc. CABI,
Date of publication, distribution, etc. 2017.
300 ## - PHYSICAL DESCRIPTION
Extent xxiii, 253p.
365 ## - TRADE PRICE
Price amount 44.80
Currency code GBP
650 ## - SUBJECT ADDED ENTRY--TOPICAL TERM
Topical term or geographic name entry element Travel
650 ## - SUBJECT ADDED ENTRY--TOPICAL TERM
Topical term or geographic name entry element Geography
650 ## - SUBJECT ADDED ENTRY--TOPICAL TERM
Topical term or geographic name entry element Marketing
700 ## - ADDED ENTRY--PERSONAL NAME
Personal name Oriade, Ade
Relator term Editor,
9 (RLIN) 1131370
700 ## - ADDED ENTRY--PERSONAL NAME
Personal name Robinson, Peter
Relator term Editor,
9 (RLIN) 997705
942 ## - ADDED ENTRY ELEMENTS (KOHA)
Koha item type Textbook
Source of classification or shelving scheme Colon Classification (CC)
Classification part Y31:(U8) Q7
Holdings
Withdrawn status Lost status Source of classification or shelving scheme Damaged status Not for loan Home library Current library Date acquired Source of acquisition Cost, normal purchase price Inventory number Total Checkouts Full call number Barcode Date last seen Cost, replacement price Price effective from Koha item type Public note
    Colon Classification (CC)     Central Library Central Library 2026-03-09 Bright Book Service 3892.09 2596 & 03/02/2026/2597 & 05/02/2026   Y31:(U8) Q7 CL1925918 2026-02-06 5560.13 2026-02-06 Textbook Department of Continuing Education and Extension
    Colon Classification (CC)     Central Library Central Library 2026-03-09 Bright Book Service 3892.09 2596 & 03/02/2026/2597 & 05/02/2026   Y31:(U8) Q7 CL1925883 2026-03-09 5560.13 2026-02-06 Textbook Department of Continuing Education and Extension
Copyright @ Delhi University Library System